<?xml version="1.0" encoding="UTF-8"?><collection xmlns="info:lc/xmlns/marcxchange-v2"><record format="Unimarc" type="bibliographic"><leader>00656cam  2200229   450 </leader><controlfield tag="001">1719974</controlfield><controlfield tag="003">http://id.bnportugal.gov.pt/bib/porbase/1719974</controlfield><controlfield tag="005">20030626043100.0</controlfield><datafield ind1=" " ind2=" " tag="010"><subfield code="a">0-674-55451-5</subfield><subfield code="b">paper</subfield></datafield><datafield ind1=" " ind2=" " tag="035"><subfield code="9">27080</subfield></datafield><datafield ind1=" " ind2=" " tag="095"><subfield code="a">PTBN00941381</subfield></datafield><datafield ind1=" " ind2=" " tag="100"><subfield code="a">19971018d1981    km y0pory0103    ba</subfield></datafield><datafield ind1="0" ind2=" " tag="101"><subfield code="a">eng</subfield></datafield><datafield ind1=" " ind2=" " tag="102"><subfield code="a">US</subfield><subfield code="a">GB</subfield></datafield><datafield ind1="1" ind2=" " tag="200"><subfield code="a">Mathematical logic</subfield><subfield code="f">by Willard Van Orman Quine</subfield></datafield><datafield ind1=" " ind2=" " tag="205"><subfield code="a">Revised ed</subfield></datafield><datafield ind1=" " ind2=" " tag="210"><subfield code="a">Cambridge, MA</subfield><subfield code="a">London</subfield><subfield code="c">Harvard University Press</subfield><subfield code="d">1981</subfield></datafield><datafield ind1=" " ind2=" " tag="215"><subfield code="a">XII, 346 p.</subfield><subfield code="d">21 cm</subfield></datafield><datafield ind1=" " ind2=" " tag="675"><subfield code="a">164</subfield><subfield code="v">BN</subfield><subfield code="z">por</subfield><subfield code="3">362094</subfield></datafield><datafield ind1=" " ind2=" " tag="675"><subfield code="a">510.6</subfield><subfield code="3">801896</subfield></datafield><datafield ind1=" " ind2="1" tag="700"><subfield code="a">Quine</subfield><subfield code="b">Willard</subfield><subfield code="f">1908-2000</subfield><subfield code="3">71468</subfield></datafield><datafield ind1=" " ind2="0" tag="801"><subfield code="a">PT</subfield><subfield code="b">BN</subfield><subfield code="g">RPC</subfield></datafield><datafield ind1=" " ind2=" " tag="977"><subfield code="1">164 QUI</subfield><subfield code="2">coop</subfield><subfield code="4">UCJPII</subfield><subfield code="6">efalt218870</subfield><subfield code="7">bc</subfield><subfield code="8">coop</subfield><subfield code="9">UCJPII</subfield><subfield code="b">93-4825</subfield><subfield code="k">0</subfield></datafield><datafield ind1=" " ind2=" " tag="998"><subfield code="a">JP107-1674</subfield></datafield></record></collection>